Music Quiz

Random Music or Rock Quiz

Alternative 1996 (clips) Quiz Stats

 Plays Quiz not verified by Sporcle

Challenge
Share
Tweet
Score 0/80 Timer 15:00
0 Plays Today
Time/Peak Title/Artist % Correct
4:00 (#1)Oasis
94%
4:10 (#1)Oasis
94%
4:10 (#1)Wonderwall
93.1%
3:40 (#2)No Doubt
92.9%
3:50 (#5)No Doubt
92.9%
3:00 (#3)Green Day
92.4%
5:00 (#1)The Smashing Pumpkins
92.2%
5:10 (#5)The Smashing Pumpkins
92.2%
0:30 (#2)Bush
91.7%
0:40 (#4)Bush
91.7%
0:50 (#1)Bush
91.7%
3:30 (#1)Ironic
90.5%
0:00 (#5)Beck
90.3%
4:20 (#4)Pearl Jam
89.7%
4:30 (#1)Pearl Jam
89.7%
3:30 (#1)Alanis Morissette
89.6%
3:40 (#2)Don't Speak
89.4%
0:30 (#2)Glycerine
87.4%
5:00 (#1)1979
86.9%
4:00 (#1)Champagne Supernova
85.9%
1:30 (#1)The Cranberries
85.8%
2:20 (#3)Foo Fighters
84.6%
1:10 (#4)Cake
84.4%
2:30 (#3)Garbage
83.8%
2:40 (#2)Garbage
83.8%
5:10 (#5)Tonight, Tonight
81.3%
6:20 (#1)Sublime
80.6%
5:30 (#2)Soundgarden
80.4%
5:40 (#2)Soundgarden
80.4%
3:50 (#5)Spiderwebs
78.4%
1:10 (#4)The Distance
78%
2:00 (#5)Everclear
77.9%
4:50 (#2)R.E.M.
77.3%
0:00 (#5)Where It's At
76.4%
6:20 (#1)What I Got
73.8%
0:40 (#4)Machinehead
71.8%
6:00 (#2)Stone Temple Pilots
70%
6:10 (#3)Stone Temple Pilots
70%
2:00 (#5)Santa Monica (Watch the World Die)
69.1%
2:40 (#2)Stupid Girl
68.4%
Time/Peak Title/Artist % Correct
2:20 (#3)Big Me
66.4%
6:30 (#1)311
65.4%
1:00 (#1)Butthole Surfers
64.6%
1:40 (#1)Dishwalla
62.3%
1:40 (#1)Counting Blue Cars
61.3%
0:50 (#1)Swallowed
60.4%
6:30 (#1)Down
60.3%
3:20 (#5)Dave Matthews Band
59.4%
3:00 (#3)Brain Stew/Jaded
57.1%
1:00 (#1)Pepper
56.4%
1:20 (#3)Counting Crows
53.5%
0:10 (#5)Better Than Ezra
44.8%
5:50 (#2)Spacehog
44.8%
5:50 (#2)In the Meantime
42.2%
1:50 (#1)eels
41.6%
4:40 (#1)Standing Outside a Broken Phone Booth With Money in My Hand
40.9%
3:10 (#5)Local H
40.4%
2:30 (#3)#1 Crush
40.3%
5:20 (#4)Social Distortion
40%
4:40 (#1)Primitive Radio Gods
37.6%
0:20 (#1)Mother Mother
36.8%
1:50 (#1)Novocaine for the Soul
36.7%
6:00 (#2)Big Bang Baby
36.3%
6:10 (#3)Trippin' on a Hole in a Paper Heart
35.5%
0:20 (#1)Tracy Bonham
34.7%
5:30 (#2)Burden in My Hand
33.6%
1:30 (#1)Salvation
32.8%
3:10 (#5)Bound for the Floor
32.4%
5:40 (#2)Pretty Noose
31.4%
2:10 (#5)Natural One
27.8%
2:50 (#5)Goldfinger
26.7%
5:20 (#4)I Was Wrong
26.2%
2:10 (#5)Folk Implosion
24.3%
4:20 (#4)I Got Id
24.2%
0:10 (#5)King of New Orleans
23.3%
3:20 (#5)Too Much
23.3%
2:50 (#5)Here In Your Bedroom
22.5%
4:50 (#2)E-Bow the Letter
17.9%
4:30 (#1)Who You Are
16.4%
1:20 (#3)Angels of the Silences
16.2%

You're not logged in!

Compare scores with friends on all Sporcle quizzes.
Join for Free
OR
Log In

You Might Also Like...

Show Comments

Extras

Top Quizzes Today


Score Distribution

Your Account Isn't Verified!

In order to create a playlist on Sporcle, you need to verify the email address you used during registration. Go to your Sporcle Settings to finish the process.

Report this User

Report this user for behavior that violates our Community Guidelines.

Details: